| 000 | 00852nam a2200193 a 4500 | ||
|---|---|---|---|
| 008 | 100118s2007 ||||||||||||||||| || u | ||
| 020 | _a9780123705488 | ||
| 050 | _aTK 5105.5 Pet | ||
| 100 | _aPeterson, Larry L | ||
| 245 | 1 | 0 |
_aComputer networks: a systems approach. (4th ed.) _cBy Larry L. Peterson and Bruce S. Davie |
| 260 |
_aOxford: _bElsevier _c2007 |
||
| 300 | _axxvii, 806p. : ill. | ||
| 350 | _a0.00 | ||
| 650 | 0 | _aCOMPUTER NETWORKS | |
| 650 | _aNETWORKING | ||
| 700 | _aDavie, Bruce S | ||
| 995 |
_aMAIN LIBRARY OPEN ACCESS _D0.00 _e741112 _FCBU-MAIN LIBRARY (Kitwe) _H1 _I0.00 _jTK 5105.5 PET _M1 _UAVAILABLE _WMar 30, 2010 _y741112 _ZMain Library Open Access Collection |
||
| 995 |
_aMAIN LIBRARY OPEN ACCESS _D0.00 _e741108 _FCBU-MAIN LIBRARY (Kitwe) _H1 _I0.00 _jTK 5105.5 Pet _M2 _UAVAILABLE _WApr 7, 2010 _y741108 _ZMain Library Open Access Collection |
||
| 999 |
_c79666 _d79666 |
||